00408nam a2200133 a 450000100100000000500170001000800410002704000250006810000250009324500580011825000110017626000450018730000420023200003251620200930065700.0110718s1976 dr 000 0 spa d aDO-SdBNPbspacBNPHU1 aTorres, Luis Alfredo13aEl amor que iba y que venía /cLuis Alfredo Torres. a2a ed. aSanto Domingo :bEditora Ángel,c1976. a1v. Con varias paginaciones ;c29 cm.